[Event "Wasselonne op"]
[Site "Wasselonne"]
[Date "2009.08.08"]
[Round "4"]
[White "Deprez, Dominique"]
[Black "Spard, Philippe"]
[Result "1/2-1/2"]
[WhiteElo "1850"]
[BlackElo "1650"]
[PlyCount "25"]
[EventDate "2009.08.06"]
[EventType "swiss"]
[EventRounds "7"]
[EventCountry "FRA"]
[SourceTitle "EXT 2011"]
[Source "ChessBase"]
[SourceDate "2010.11.26"]
[SourceVersion "1"]
[SourceVersionDate "2010.11.26"]
[SourceQuality "1"]

1. c4 c5 2. Nf3 Nc6 3. Nc3 g6 4. g3 Bg7 5. Bg2 e5 6. d3 Nge7 7. Bg5 h6 8. Bd2 0-0 9. Rb1 d6 10. a3 a5 11. 0-0 b6 12. Qc1 Kh7 13. Ne1 1/2-1/2

[Event "Wasselonne op"]
[Site "Wasselonne"]
[Date "2009.08.07"]
[Round "2"]
[White "Deprez, Dominique"]
[Black "Pozuelo, Jose"]
[Result "0-1"]
[WhiteElo "1850"]
[BlackElo "2080"]
[PlyCount "58"]
[EventDate "2009.08.06"]
[EventType "swiss"]
[EventRounds "7"]
[EventCountry "FRA"]
[SourceTitle "EXT 2011"]
[Source "ChessBase"]
[SourceDate "2010.11.26"]
[SourceVersion "1"]
[SourceVersionDate "2010.11.26"]
[SourceQuality "1"]

1. c4 Nf6 2. Nc3 g6 3. d4 Bg7 4. e4 d6 5. f3 0-0 6. Be3 Nc6 7. Qd2 e5 8. g4 exd4 9. Bxd4 Nxd4 10. Qxd4 Nxg4 11. Qd2 Qh4+ 12. Ke2 Qf2+ 13. Kd3 Qxd2+ 14. Kxd2 Nf2 15. Bg2 Nxh1 16. Bxh1 Be6 17. b3 c6 18. Rd1 a6 19. Nge2 b5 20. cxb5 axb5 21. Ke3 d5 22. exd5 Bxd5 23. Nxd5 Rfe8+ 24. Kf2 cxd5 25. Rd2 d4 26. f4 Rac8 27. Ng3 f5 28. h4 Red8 29. h5 d3 0-1

[Event "Charleroi op 4th"]
[Site "Charleroi"]
[Date "2005.07.30"]
[Round "1"]
[White "Deprez, Dominique"]
[Black "Laurent, Bruno"]
[Result "0-1"]
[WhiteElo "1710"]
[BlackElo "2328"]
[PlyCount "46"]
[EventDate "2005.07.30"]
[EventType "swiss"]
[EventRounds "9"]
[EventCountry "BEL"]
[SourceTitle "EXT 2006"]
[Source "ChessBase"]
[SourceDate "2005.11.24"]
[SourceVersion "1"]
[SourceVersionDate "2005.11.24"]
[SourceQuality "1"]

1. c4 e5 2. Nc3 Nf6 3. Nf3 Nc6 4. d4 exd4 5. Nxd4 Bb4 6. g3 Ne4 7. Qd3 Nc5 8. Qe3+ Ne6 9. Nc2 0-0 10. Bg2 Re8 11. Qd2 Ba5 12. Bxc6 Bxc3 13. Qxc3 bxc6 14. 0-0 c5 15. e4 Bb7 16. f3 d6 17. b3 Rf8 18. Bb2 Qd7 19. Rae1 Rae8 20. f4 f5 21. exf5 Qc6 22. Ne3 Qh1+ 23. Kf2 Qxh2+ 0-1

[Event "Fouesnant op 10th"]
[Site "Fouesnant"]
[Date "2004.10.29"]
[Round "8"]
[White "Le Du, Michel"]
[Black "Deprez, Dominique"]
[Result "1-0"]
[WhiteElo "1969"]
[BlackElo "1660"]
[PlyCount "55"]
[EventDate "2004.10.23"]
[EventType "swiss"]
[EventRounds "9"]
[EventCountry "FRA"]
[SourceTitle "EXT 2007"]
[Source "ChessBase"]
[SourceDate "2006.11.23"]
[SourceVersion "1"]
[SourceVersionDate "2006.11.23"]
[SourceQuality "1"]

1. e4 c5 2. Nc3 e6 3. g3 g6 4. Bg2 Bg7 5. d3 Ne7 6. Be3 d6 7. Qd2 0-0 8. Bh6 Nbc6 9. h4 f5 10. h5 Ne5 11. hxg6 N5xg6 12. Bxg7 Kxg7 13. Qh6+ Kf6 14. Nf3 Rh8 15. 0-0-0 Qf8 16. Qg5+ Kf7 17. exf5 Nxf5 18. Rde1 h6 19. Qh5 Ng7 20. Qh2 Bd7 21. Nh4 Rb8 22. Nxg6 Kxg6 23. Qh4 Bc6 24. Bxc6 bxc6 25. Qe4+ Kf7 26. Qxc6 Rb6 27. Qc7+ Qe7 28. Qxe7+ 1-0